00741cam a22002657a 4500003000500000005001700005008004100022010001000063011001000073020001800083035001000101040000900111082001700120100002300137245007700160260005000237300001100287490002700298650002600325650003800351650002000389700002100409700001800430830002700448CHAP20220329142326.0000720d1997 enk r 00110 eng d a81772 a82744 a0 471 96510 3 a93246 cCHAP04a664.0288bL300aLake, John V.eed.10aHealth impacts of large releases of radionuclidesc/ed. by Lake, John V. aChichester, Eng. :bJohn Wiley & Sons,c1997. a247 p. 0aCIBA. Symposiumv; 20314aAlimentos irradiados.14aRadiaciónxEfecto en alimentos.14aRadioactividad.0 aBock, Gregory R.0 aCardew, Gail.0 aCIBA. Symposiumv; 203